Fiche brevet/bac -Figures de styles - Statistiques

Statistiques générales
  • Ce quiz a été pris 1 184 fois
  • Le résultat moyen est 11 sur 24
Statistiques - réponses
Description Figure de style % Correct
Elle établit un rapprochement entre deux termes à partir d’un élément qui leur est commun. Trois outils permettent de faire cette figure: un comparé, un comparant et un outil. Comparaison
95%
Elle établit une assimilation entre deux termes. Elle peut être décliné en deux partie: l’annoncée (la plus connue et utilisée par les étudiants) et la filée. Métaphore
89%
Elle représente une chose ou une idée sous les traits d’une personne. Personnification
82%
C’est la réunion dans une même expression de deux termes opposés. Oxymore
68%
Elle consiste en la répétition du même mot ou d’un même groupe de mots en tête d’une phrase ou d’un vers. Anaphore
66%
C’est un grossissement exagéré d’une caractéristique, d’une idée ou d’un sentiment dans un but de mise en valeur (positive ou négative). Hyperbole
65%
Elle oppose très fortement deux termes ou deux ensemble de termes. Antithèse
58%
Dire le moins pour exprimer le plus. Litote
55%
Elle représente de façon imagée les divers aspects d’une idée, qu’elle rend oins abstraite. Allégorie
50%
Elle ordonne les termes d’un énoncé selon une progression croissante ou décroissante. Gradation
50%
Atténuation d’une idée ou d’un sentiment afin d’en voiler le carctère déplaisant. Euphémisme
46%
Elle consiste a désigner un objet non par son nom mais par une description sous une qualité particulière. Périphrase
43%
C’est un procédé de symbolisation qui permet une concentration de l’énoncé. On ne nomme pas l’être ou l’objet mais on utilise un autre nom qui lui est proche parce qu’il s’agit de sa cause, son contenant,... Les deux termes entretiennent une relation de proximité. Métonymie
42%
Elle consiste à disposer au moins 2 éléments, en miroir avec au moins deux autres éléments correspondants. Chiasme
40%
Elle exprime une idée par son contraire dans une intention ironique. Antiphrase
39%
Figure de style consistant en la reprise d’éléments symétriques au sein d’un énoncé. Les éléments répétés ont la même construction (AB – AB) et sont de longueur comparable. Le parallélisme peut être sonore, prosodique ou métrique. Parrallélisme
37%
Répétion d’un même mot plusieurs fois. Répétition
36%
On fait succéder plusieurs termes dans le but de multiplier les informations afin d’insister sur une idée. Accumulation
26%
Il s'agit d'une figure par laquelle on opère volontairement une rupture dans la syntaxe. La construction grammaticale de la phrase est transformée pour lui donner un effet rhétorique. C’est une faute maîtrisée. La phrase se dirige vers le point vers lequel on l’attend, avant de prendre brusquement une autre direction. Elle est comme interrompue dans son cheminement. Anacoluthe
24%
Figure proche de la précédente: les mots y sont liés par une relation d’inclusion: la partie pour le tout/ la matière pour l’objet. Synecdoque
24%
Elle consiste à employer dans le même segment des termes des sens différent mais de parenté phonique. Paronomase
9%
Figure de style qui permet de supprimer des termes qui se devinent aisément. Éllipse
8%
Elle consiste en l’absence systématique d’outils de liaison entre les groupes de mots ou entre des propositions. Asyndète
6%
C’est une figure de style qui est à la fois la sélection de l’attribut essentiel et le choix de la valeur d’excellence d’un individu permis tout ceux de la série. Antonomase
3%
Aucun quiz correspondant
Distribution des résultats
% des personnes avec chaque résultat
Percentile par nombre de réponses
Votre historique - résultats
Vous n’avez pas pris ce quiz